ბათუმის შოთა რუსთაველის სახელმწიფო უნივერსიტეტის ბიბლიოთეკა

Справочник нефтепереработчика. (ბიბ.ჩანაწერი № 35748)

000 -LEADER
fixed length control field 00640nam a2200217Ia 4500
001 - CONTROL NUMBER
control field 1627
003 - CONTROL NUMBER IDENTIFIER
control field GE_BSU
008 - FIXED-LENGTH DATA ELEMENTS--GENERAL INFORMATION
fixed length control field 181216s||||||||xx |||||||||||||| ||und||
040 ## - CATALOGING SOURCE
Transcribing agency GE_BSU
080 ## - UNIVERSAL DECIMAL CLASSIFICATION NUMBER
Universal Decimal Classification number 655.5/.7(035)
245 ## - TITLE STATEMENT
Title Справочник нефтепереработчика.
245 ## - TITLE STATEMENT
Remainder of title Справочник.
245 ## - TITLE STATEMENT
Statement of responsibility, etc. Под ред. Г.А.Ластовкина, Е.Д.Радченко, М.Г.Рудина.
260 ## - PUBLICATION, DISTRIBUTION, ETC.
Place of publication, distribution, etc. Л.
260 ## - PUBLICATION, DISTRIBUTION, ETC.
Name of publisher, distributor, etc. Химия.
260 ## - PUBLICATION, DISTRIBUTION, ETC.
Date of publication, distribution, etc. 1986.
300 ## - PHYSICAL DESCRIPTION
Extent 648 стр. 21 см.
653 ## - INDEX TERM--UNCONTROLLED
Uncontrolled term Справочник нефтепереработчика.
942 ## - ADDED ENTRY ELEMENTS (KOHA)
Koha item type წიგნი
ეგზემპლარები
Withdrawn status Lost status Damaged status Not for loan Date acquired Barcode Date last seen Price effective from Koha item type
        2018-12-17 3055 2018-12-17 2018-12-17 წიგნი